00865 a2200169 4500003000500000005001700005010001600022020001500038040000900053082001400062100002200076245009700098260003000195300003500225505041700260650001800677Nust20230809100833.0 a 83026039 a047187910X cNust00a629.4,CLA1 aClarke, Arthur C.10aAscent to orbit /ba scientific autobiography : the technical writings of Arthur C. Clarke. aNew York :bWiley,c1984. aviii, 226 p. :bill. ;c29 cm. aThe Marconi International Fellowship (Page-3), First Flights (Page-15), Waves and Circuits (Page-25), The Beginnings of Satellite Communication (Page-53), Rockets And Warfare (Page-69), Amateur Astronomer (Page-83), Introduction to Astronautic (Page-117), Electronic and Space Flight (Page-157), The Space Elevator and Beyond (Page-183), Mathematical Recreations (Page-199), Beyond The Global Village (Page-199). 0aAstronautics.